<?xml version="1.0" encoding="UTF-8"?>
<record
    xmlns:xsi="http://www.w3.org/2001/XMLSchema-instance"
    xsi:schemaLocation="http://www.loc.gov/MARC21/slim http://www.loc.gov/standards/marcxml/schema/MARC21slim.xsd"
    xmlns="http://www.loc.gov/MARC21/slim">

  <leader>01225nam a22002297a 4500</leader>
  <datafield tag="952" ind1=" " ind2=" ">
    <subfield code="0">0</subfield>
    <subfield code="1">0</subfield>
    <subfield code="4">0</subfield>
    <subfield code="7">0</subfield>
    <subfield code="a">01</subfield>
    <subfield code="b">01</subfield>
    <subfield code="d">2013-10-21</subfield>
    <subfield code="l">0</subfield>
    <subfield code="o">007 S551e</subfield>
    <subfield code="p">01 013489</subfield>
    <subfield code="r">2013-10-21</subfield>
    <subfield code="t">1</subfield>
    <subfield code="w">2013-10-21</subfield>
    <subfield code="y">LB</subfield>
  </datafield>
  <datafield tag="999" ind1=" " ind2=" ">
    <subfield code="c">91067</subfield>
    <subfield code="d">91067</subfield>
  </datafield>
  <controlfield tag="008">131021t    2010mx ||||| |||| 00| 0 spa d</controlfield>
  <datafield tag="020" ind1=" " ind2=" ">
    <subfield code="a">9786070215605 (UNAM)</subfield>
  </datafield>
  <datafield tag="020" ind1=" " ind2=" ">
    <subfield code="a">9786074022360 (Plaza y Vald&#xE9;s)</subfield>
  </datafield>
  <datafield tag="082" ind1=" " ind2=" ">
    <subfield code="a">007</subfield>
    <subfield code="b">S551e</subfield>
  </datafield>
  <datafield tag="100" ind1=" " ind2="1">
    <subfield code="a">S&#xE1;nchez Puente, Ricardo</subfield>
    <subfield code="e">autor</subfield>
  </datafield>
  <datafield tag="245" ind1=" " ind2=" ">
    <subfield code="a">Ense&#xF1;ar a investigar </subfield>
    <subfield code="b">: una did&#xE1;ctica nueva de la investigaci&#xF3;n en ciencias sociales y humanas</subfield>
    <subfield code="c">/ Ricardo S&#xE1;nchez Puente</subfield>
  </datafield>
  <datafield tag="250" ind1=" " ind2=" ">
    <subfield code="a">3a. edici&#xF3;n</subfield>
  </datafield>
  <datafield tag="260" ind1=" " ind2=" ">
    <subfield code="a">M&#xE9;xico </subfield>
    <subfield code="b">: UNAM , Coordinaci&#xF3;n de Humanidades, Centro de Estudios sobre la Universidad </subfield>
    <subfield code="b">: Plaza y Vald&#xE9;s Editores</subfield>
    <subfield code="b">: Instituto de Investigaciones sobre la Universidad</subfield>
    <subfield code="c">, 2010</subfield>
  </datafield>
  <datafield tag="300" ind1=" " ind2=" ">
    <subfield code="a">188 p&#xE1;ginas</subfield>
  </datafield>
  <datafield tag="500" ind1=" " ind2=" ">
    <subfield code="a">Donativo: FLACSO</subfield>
  </datafield>
  <datafield tag="505" ind1=" " ind2=" ">
    <subfield code="a">- Hacia una nueva did&#xE1;ctica de la Investigaci&#xF3;n en Ciencias Sociales y Humanidades
- La trama y urdimbre del oficio de investigador.- Actualizar y recrear la tradici&#xF3;n cient&#xED;fica
- Transmitir el oficio mismo de generar conocimientos cient&#xED;ficos
- Una estrategia de la investigaci&#xF3;n cient&#xED;fica</subfield>
  </datafield>
  <datafield tag="519" ind1=" " ind2=" ">
    <subfield code="a">Material Complementario /</subfield>
    <subfield code="d">(01 013489)</subfield>
  </datafield>
  <datafield tag="650" ind1="1" ind2="4">
    <subfield code="a">INVESTIGACI&#xD3;N</subfield>
    <subfield code="y">METODOLOG&#xCD;A</subfield>
  </datafield>
  <datafield tag="650" ind1="2" ind2="4">
    <subfield code="a">CIENCIAS SOCIALES </subfield>
    <subfield code="x">INVESTIGACI&#xD3;N</subfield>
  </datafield>
  <datafield tag="650" ind1="2" ind2="4">
    <subfield code="a">RELACIONES INTERNACIONALES</subfield>
  </datafield>
  <datafield tag="942" ind1=" " ind2=" ">
    <subfield code="c">LB</subfield>
  </datafield>
</record>
